| 000 | 00712cab a2200229 4500 | ||
|---|---|---|---|
| 001 | WB3502-02 | ||
| 008 | 090401t1999 xxu||||| |||| 00| 0 eng d | ||
| 035 | _a(Sirsi) u90690 | ||
| 041 | _aeng | ||
| 245 | _aSystem-built homes | ||
| 260 | _c1999 | ||
| 350 | _a0 | ||
| 490 |
_aYorkshire Post _v13 January 1999, 10(2) |
||
| 520 | _aYorkon is supplying the Peabody Trust with a prefabricated modular multi-storey building for a housing development in Hackney, the first of its kind in the UK. | ||
| 650 | _aMODULAR BUILDING | ||
| 650 | _aPREFABRICATED BUILDINGS | ||
| 650 | _aSOCIAL HOUSING | ||
| 650 | _aSYSTEM BUILT HOUSING | ||
| 650 | _aVOLUMETRIC CONSTRUCTION | ||
| 942 | _n0 | ||
| 948 | _c13/01/1999 | ||
| 999 |
_c57508 _d57508 |
||